000 00872nam a2200253Ia 4500
003 OSt
005 20221005112814.0
006 a|||||r|||| 00| 0
007 ta
008 221004b |||||||| |||| 00| 0 pan d
020 _c135
024 _a96295
037 _b72863, 31/12/2008, Arsee Publishers
_cTextual
040 _aCRL
_cCRL
_bpan
041 _2pan
_apan
082 _aO153,3NBA3x, P3
100 _aਬਾਵਾ, ਮਨਮੋਹਨ ਸਿੰਘ
245 0 _aਅਜਾਤ ਸੁੰਦਰੀ ਤੇ ਹੋਰ ਕਹਾਣੀਆਂ
260 _aਦਿੱਲੀ
_bਆਰਸੀ ਭਾਰਤ
_c2003
300 _a143ਪੰ
_ccm.
650 _aਪੰਜਾਬੀ ਸਾਹਿਤ
942 _hO153,3NBA3x, P3
_cTEXL
_2cc
999 _c1026032
_d1026032